000 00724nam a2200193Ia 4500
003 GCL
005 20240530095351.0
008 140319s9999 xx 000 0 ara d
040 _aGCL /
_cGCL
082 0 4 _a320.9
_bق/م ت
100 1 _aمحمد جابر الانصارى
245 1 0 _aتحولات الفكر والسياسة بمصر ومحيطها العربى /
_cمحمد جابر الانصارى
260 _aالقاهرة :
_bمركز الاهرام للترجمة والنشر ،
_c2003
300 _a394 ص ؛
_c24 سم
650 0 4 _aالعلاقات الثقافية
650 0 4 _aمصر - الاحوال الاقتصادية
650 0 4 _aمصر - الاحوال الاجتماعية
942 _2ddc
_cBK
999 _c6527
_d6527